{"text_format":"3","workbook":"xlsx","n_sheets":1,"sheets":["t398"],"read":"whole","date_system":"1900"}

{"sheet":"t398","index":0,"n_rows":214,"n_cols":7,"rows_kept":214,"merged":[[0,0,0,6],[30,0,30,5],[50,0,50,5],[161,0,161,5]]}
["TABELA 398.1 - Estatísticas Agrícolas, Município de Paranapanema, Estado de São Paulo, 2007/08."]
["ITEM","UNIDADE","N.DE UPAs","MÍNIMO","MÉDIO","MÁXIMO","TOTAL"]
["Distância à sede do município","km",745,0.1,16.7,{"v":55,"d":"55.0"},"-"]
["Área total","hectare",745,0.1,110.7,{"v":6050,"d":"6,050.0"},{"v":82472.8,"d":"82,472.8"}]
["Área com cultura perene","hectare",56,0.1,{"v":22.03,"d":"22.0"},{"v":228,"d":"228.0"},{"v":1233.7,"d":"1,233.7"}]
["Área com cultura temporária","hectare",312,0.1,{"v":50.28,"d":"50.3"},902.6,{"v":15686.9,"d":"15,686.9"}]
["Área com pastagem","hectare",638,0.1,62.9,{"v":3054.1,"d":"3,054.1"},{"v":40127.1,"d":"40,127.1"}]
["Área com reflorestamento","hectare",147,0.1,{"v":73.54,"d":"73.5"},{"v":4168.3,"d":"4,168.3"},{"v":10810.7,"d":"10,810.7"}]
["Área com vegetação natural","hectare",511,0.1,{"v":19.64,"d":"19.6"},{"v":1936,"d":"1,936.0"},{"v":10037.7,"d":"10,037.7"}]
["Área com vegetação de brejo e várzea","hectare",91,0.1,{"v":2.93,"d":"2.9"},{"v":15,"d":"15.0"},266.4]
["Área em descanso","hectare",16,0.1,{"v":16.65,"d":"16.7"},{"v":72,"d":"72.0"},266.4]
["Área complementar","hectare",633,0.1,{"v":6.39,"d":"6.4"},{"v":1920,"d":"1,920.0"},{"v":4043.9,"d":"4,043.9"}]
["Área das UPAs com (0, 1] ha","hectare",33,0.1,{"v":0.52,"d":"0.5"},{"v":1,"d":"1.0"},17.2]
["Área das UPAs com (1, 2] ha","hectare",24,1.1,{"v":1.53,"d":"1.5"},{"v":2,"d":"2.0"},36.8]
["Área das UPAs com (2, 5] ha","hectare",94,2.2,{"v":3.48,"d":"3.5"},{"v":5,"d":"5.0"},327.4]
["Área das UPAs com (5, 10] ha","hectare",92,5.2,{"v":7.73,"d":"7.7"},{"v":10,"d":"10.0"},710.7]
["Área das UPAs com (10, 20] ha","hectare",111,10.4,{"v":14.68,"d":"14.7"},19.9,{"v":1629.4,"d":"1,629.4"}]
["Área das UPAs com (20, 50] ha","hectare",133,20.2,{"v":32.87,"d":"32.9"},{"v":50,"d":"50.0"},{"v":4372,"d":"4,372.0"}]
["Área das UPAs com (50, 100] ha","hectare",91,50.4,{"v":72.25,"d":"72.3"},99.7,{"v":6574.6,"d":"6,574.6"}]
["Área das UPAs com (100, 200] ha","hectare",71,{"v":101,"d":"101.0"},139.9,194.5,{"v":9932.8,"d":"9,932.8"}]
["Área das UPAs com (200, 500] ha","hectare",68,200.6,{"v":318.65,"d":"318.7"},470.9,{"v":21668,"d":"21,668.0"}]
["Área das UPAs com (500, 1.000] ha","hectare",18,{"v":513,"d":"513.0"},{"v":726.81,"d":"726.8"},{"v":968,"d":"968.0"},{"v":13082.6,"d":"13,082.6"}]
["Área das UPAs com (1.000, 2.000] ha","hectare",6,{"v":1026,"d":"1,026.0"},{"v":1310.1,"d":"1,310.1"},{"v":1920,"d":"1,920.0"},{"v":7860.6,"d":"7,860.6"}]
["Área das UPAs com (2.000, 5.000] ha","hectare",3,{"v":2282.9,"d":"2,282.9"},{"v":3403.57,"d":"3,403.6"},{"v":4819.6,"d":"4,819.6"},{"v":10210.7,"d":"10,210.7"}]
["Área das UPAs com (5.000, 10.000] ha","hectare",1,{"v":6050,"d":"6,050.0"},{"v":6050,"d":"6,050.0"},{"v":6050,"d":"6,050.0"},{"v":6050,"d":"6,050.0"}]
["Área das UPAs acima de 10.000 ha","hectare","-","-","-","-","-"]
["Familiares do proprietário que trabalham na UPA","unidade",658,{"v":1,"d":"1.0"},{"v":1.48,"d":"1.5"},{"v":10,"d":"10.0"},{"v":974,"d":"974.0"}]
["Trabalhadores permanentes","unidade",280,{"v":1,"d":"1.0"},{"v":6.25,"d":"6.3"},{"v":264,"d":"264.0"},{"v":1750,"d":"1,750.0"}]
["Fonte: Secretaria de Agricultura e Abastecimento, CDRS/IEA, Projeto LUPA."]
[]
["TABELA 398.2 - Explorações Animais, Município de Paranapanema, Estado de São Paulo, 2007/08."]
["ITEM","UNIDADE","N.DE UPAs","MÍNIMO","MÉDIO","MÁXIMO","TOTAL"]
["Asininos E Muares","cabeças",38,{"v":1,"d":"1.0"},{"v":2.37,"d":"2.4"},{"v":31,"d":"31.0"},{"v":90,"d":"90.0"}]
["Avicultura de Corte","cabeças/ano",24,{"v":3,"d":"3.0"},{"v":2958.13,"d":"2,958.1"},{"v":55000,"d":"55,000.0"},{"v":70995,"d":"70,995.0"}]
["Avicultura Ornamental/Decorativa/Exótica","cabeças",62,{"v":1,"d":"1.0"},{"v":14.23,"d":"14.2"},{"v":150,"d":"150.0"},{"v":882,"d":"882.0"}]
["Avicultura para Ovos","cabeças",199,{"v":1,"d":"1.0"},{"v":79.53,"d":"79.5"},{"v":8000,"d":"8,000.0"},{"v":15827,"d":"15,827.0"}]
["Bovinocultura de Corte","cabeças",134,{"v":4,"d":"4.0"},219.7,{"v":2896,"d":"2,896.0"},{"v":29440,"d":"29,440.0"}]
["Bovinocultura Leiteira","cabeças",72,{"v":1,"d":"1.0"},{"v":38.54,"d":"38.5"},{"v":600,"d":"600.0"},{"v":2775,"d":"2,775.0"}]
["Bovinocultura Mista","cabeças",279,{"v":1,"d":"1.0"},{"v":57.51,"d":"57.5"},{"v":730,"d":"730.0"},{"v":16046,"d":"16,046.0"}]
["Caprinocultura","cabeças",13,{"v":1,"d":"1.0"},{"v":8,"d":"8.0"},{"v":28,"d":"28.0"},{"v":104,"d":"104.0"}]
["Cunicultura","cabeças",1,{"v":10,"d":"10.0"},{"v":10,"d":"10.0"},{"v":10,"d":"10.0"},{"v":10,"d":"10.0"}]
["Equinocultura","cabeças",301,{"v":1,"d":"1.0"},{"v":5.07,"d":"5.1"},{"v":139,"d":"139.0"},{"v":1526,"d":"1,526.0"}]
["Outra Exploração Animal","cabeças",1,{"v":8,"d":"8.0"},{"v":8,"d":"8.0"},{"v":8,"d":"8.0"},{"v":8,"d":"8.0"}]
["Ovinocultura","cabeças",44,{"v":1,"d":"1.0"},{"v":19.89,"d":"19.9"},{"v":200,"d":"200.0"},{"v":875,"d":"875.0"}]
["Piscicultura","m² tanques",1,{"v":22761,"d":"22,761.0"},{"v":22761,"d":"22,761.0"},{"v":22761,"d":"22,761.0"},{"v":22761,"d":"22,761.0"}]
["Ranicultura","girinos/ano",2,{"v":15,"d":"15.0"},{"v":25,"d":"25.0"},{"v":35,"d":"35.0"},{"v":50,"d":"50.0"}]
["Sericicultura","gramas larvas/ano",1,{"v":7,"d":"7.0"},{"v":7,"d":"7.0"},{"v":7,"d":"7.0"},{"v":7,"d":"7.0"}]
["Suinocultura","cabeças",108,{"v":1,"d":"1.0"},{"v":56.55,"d":"56.6"},{"v":3900,"d":"3,900.0"},{"v":6107,"d":"6,107.0"}]
["Fonte: Secretaria de Agricultura e Abastecimento, CDRS/IEA, Projeto LUPA."]
[]
["TABELA 398.3 -  Máquinas, Implementos e Benfeitorias, Município de Paranapanema, Estado de São Paulo, 2007/08."]
["ITEM","UNIDADE","N.DE UPAs","MÍNIMO","MÉDIO","MÁXIMO","TOTAL"]
["Arado Comum (Bacia, Aiveca)","Unidade",139,{"v":1,"d":"1.0"},{"v":1.27,"d":"1.3"},{"v":8,"d":"8.0"},{"v":176,"d":"176.0"}]
["Arado Escarificador","Unidade",33,{"v":1,"d":"1.0"},{"v":1.39,"d":"1.4"},{"v":3,"d":"3.0"},{"v":46,"d":"46.0"}]
["Arado Subsolador","Unidade",50,{"v":1,"d":"1.0"},{"v":1.44,"d":"1.4"},{"v":6,"d":"6.0"},{"v":72,"d":"72.0"}]
["Batedeira de Cereais","Unidade",28,{"v":1,"d":"1.0"},{"v":1.46,"d":"1.5"},{"v":4,"d":"4.0"},{"v":41,"d":"41.0"}]
["Câmara Fria","Unidade",12,{"v":1,"d":"1.0"},{"v":3.42,"d":"3.4"},{"v":11,"d":"11.0"},{"v":41,"d":"41.0"}]
["Carregadeira de Cana","Unidade",1,{"v":1,"d":"1.0"},{"v":1,"d":"1.0"},{"v":1,"d":"1.0"},{"v":1,"d":"1.0"}]
["Colhedeira Acoplada","Unidade",9,{"v":1,"d":"1.0"},{"v":1.78,"d":"1.8"},{"v":4,"d":"4.0"},{"v":16,"d":"16.0"}]
["Colhedeira Automotriz","Unidade",26,{"v":1,"d":"1.0"},{"v":1.38,"d":"1.4"},{"v":3,"d":"3.0"},{"v":36,"d":"36.0"}]
["Computador","Unidade",33,{"v":1,"d":"1.0"},2.3,{"v":25,"d":"25.0"},{"v":76,"d":"76.0"}]
["Conj.Irrigação Autopropelido","Unidade",10,{"v":1,"d":"1.0"},1.3,{"v":2,"d":"2.0"},{"v":13,"d":"13.0"}]
["Conj.Irrigação Convencional","Unidade",24,{"v":1,"d":"1.0"},1.5,{"v":4,"d":"4.0"},{"v":36,"d":"36.0"}]
["Conj.Irrigação Pivot Central","Unidade",27,{"v":1,"d":"1.0"},{"v":2.22,"d":"2.2"},{"v":6,"d":"6.0"},{"v":60,"d":"60.0"}]
["Conj.Irrigação/Gotejamento/Microaspersão","Unidade",21,{"v":1,"d":"1.0"},2.1,{"v":20,"d":"20.0"},{"v":44,"d":"44.0"}]
["Conjunto de Fenação","Unidade",9,{"v":1,"d":"1.0"},{"v":1.11,"d":"1.1"},{"v":2,"d":"2.0"},{"v":10,"d":"10.0"}]
["Desintegrador de Palha (Plantio Direto)","Unidade",5,{"v":1,"d":"1.0"},{"v":1,"d":"1.0"},{"v":1,"d":"1.0"},{"v":5,"d":"5.0"}]
["Desintegrador, Picador, Triturador","Unidade",190,{"v":1,"d":"1.0"},{"v":1.14,"d":"1.1"},{"v":4,"d":"4.0"},{"v":217,"d":"217.0"}]
["Distribuidor de Calcário","Unidade",41,{"v":1,"d":"1.0"},{"v":1.07,"d":"1.1"},{"v":2,"d":"2.0"},{"v":44,"d":"44.0"}]
["Ensiladeira","Unidade",21,{"v":1,"d":"1.0"},{"v":1.14,"d":"1.1"},{"v":3,"d":"3.0"},{"v":24,"d":"24.0"}]
["Grade Aradora (Tipo Romi)","Unidade",90,{"v":1,"d":"1.0"},1.3,{"v":4,"d":"4.0"},{"v":117,"d":"117.0"}]
["Grade Niveladora","Unidade",130,{"v":1,"d":"1.0"},1.2,{"v":4,"d":"4.0"},{"v":156,"d":"156.0"}]
["Implementos para Tração Animal","Unidade",58,{"v":1,"d":"1.0"},{"v":1.59,"d":"1.6"},{"v":5,"d":"5.0"},{"v":92,"d":"92.0"}]
["Máquina de Classificar Frutas","Unidade",3,{"v":1,"d":"1.0"},{"v":2,"d":"2.0"},{"v":3,"d":"3.0"},{"v":6,"d":"6.0"}]
["Microtrator","Unidade",6,{"v":1,"d":"1.0"},1.5,{"v":4,"d":"4.0"},{"v":9,"d":"9.0"}]
["Misturador de Ração","Unidade",5,{"v":1,"d":"1.0"},1.2,{"v":2,"d":"2.0"},{"v":6,"d":"6.0"}]
["Ordenhadeira Mecânica","Unidade",14,{"v":1,"d":"1.0"},{"v":1.36,"d":"1.4"},{"v":4,"d":"4.0"},{"v":19,"d":"19.0"}]
["Pulverizador Tratorizado","Unidade",107,{"v":1,"d":"1.0"},1.6,{"v":6,"d":"6.0"},{"v":171,"d":"171.0"}]
["Resfriador de Leite, Tanque Expansão","Unidade",12,{"v":1,"d":"1.0"},{"v":1.25,"d":"1.3"},{"v":3,"d":"3.0"},{"v":15,"d":"15.0"}]
["Semeadeira/Adubadeira para Plantio Convencional","Unidade",23,{"v":1,"d":"1.0"},{"v":1,"d":"1.0"},{"v":1,"d":"1.0"},{"v":23,"d":"23.0"}]
["Semeadeira/Plantadeira Plantio Direto","Unidade",60,{"v":1,"d":"1.0"},{"v":1.83,"d":"1.8"},{"v":9,"d":"9.0"},{"v":110,"d":"110.0"}]
["Terraceador","Unidade",10,{"v":1,"d":"1.0"},1.3,{"v":4,"d":"4.0"},{"v":13,"d":"13.0"}]
["Trator de Esteiras","Unidade",11,{"v":1,"d":"1.0"},{"v":1.18,"d":"1.2"},{"v":2,"d":"2.0"},{"v":13,"d":"13.0"}]
["Trator de Pneus","Unidade",267,{"v":1,"d":"1.0"},{"v":2.25,"d":"2.3"},{"v":31,"d":"31.0"},{"v":602,"d":"602.0"}]
["Açude/Represa","Unidade",368,{"v":1,"d":"1.0"},{"v":2.19,"d":"2.2"},{"v":28,"d":"28.0"},{"v":807,"d":"807.0"}]
["Almoxarifado/Oficina","Unidade",56,{"v":1,"d":"1.0"},{"v":1.07,"d":"1.1"},{"v":2,"d":"2.0"},{"v":60,"d":"60.0"}]
["Armazém para Grãos Ensacados","Sacas",29,{"v":1,"d":"1.0"},{"v":208.28,"d":"208.3"},{"v":6000,"d":"6,000.0"},{"v":6040,"d":"6,040.0"}]
["Balança para Bovinos","Unidade",63,{"v":1,"d":"1.0"},{"v":1.05,"d":"1.1"},{"v":2,"d":"2.0"},{"v":66,"d":"66.0"}]
["Balança para Veículos","Unidade",9,{"v":1,"d":"1.0"},{"v":1.11,"d":"1.1"},{"v":2,"d":"2.0"},{"v":10,"d":"10.0"}]
["Barracão para Bicho da Seda/Sirgaria","Unidade",2,{"v":1,"d":"1.0"},2.5,{"v":4,"d":"4.0"},{"v":5,"d":"5.0"}]
["Barracão para Granja/Avicultura","Unidade",10,{"v":1,"d":"1.0"},4.1,{"v":12,"d":"12.0"},{"v":41,"d":"41.0"}]
["Barracão/Galpão/Garagem","Unidade",317,{"v":1,"d":"1.0"},{"v":1.26,"d":"1.3"},{"v":6,"d":"6.0"},{"v":400,"d":"400.0"}]
["Casa de Moradia Habitada","Unidade",492,{"v":1,"d":"1.0"},{"v":2.08,"d":"2.1"},{"v":36,"d":"36.0"},{"v":1025,"d":"1,025.0"}]
["Casa de Moradia Total","Unidade",536,{"v":1,"d":"1.0"},{"v":2.51,"d":"2.5"},{"v":38,"d":"38.0"},{"v":1347,"d":"1,347.0"}]
["Curral/Mangueira","Unidade",353,{"v":1,"d":"1.0"},1.1,{"v":5,"d":"5.0"},{"v":390,"d":"390.0"}]
["Depósito/Tulha","Unidade",132,{"v":1,"d":"1.0"},{"v":1.11,"d":"1.1"},{"v":5,"d":"5.0"},{"v":147,"d":"147.0"}]
["Estábulo","Unidade",21,{"v":1,"d":"1.0"},{"v":1,"d":"1.0"},{"v":1,"d":"1.0"},{"v":21,"d":"21.0"}]
["Estufa/Plasticultura","m²",24,{"v":1,"d":"1.0"},{"v":4419.13,"d":"4,419.1"},{"v":65000,"d":"65,000.0"},{"v":106059,"d":"106,059.0"}]
["Fábrica de Ração","Unidade",1,{"v":1,"d":"1.0"},{"v":1,"d":"1.0"},{"v":1,"d":"1.0"},{"v":1,"d":"1.0"}]
["Instalações para Equinos","Unidade",30,{"v":1,"d":"1.0"},{"v":3.03,"d":"3.0"},{"v":42,"d":"42.0"},{"v":91,"d":"91.0"}]
["Máquina de Benefício","Unidade",6,{"v":1,"d":"1.0"},{"v":2.33,"d":"2.3"},{"v":4,"d":"4.0"},{"v":14,"d":"14.0"}]
["Olaria","Unidade",2,{"v":1,"d":"1.0"},{"v":1,"d":"1.0"},{"v":1,"d":"1.0"},{"v":2,"d":"2.0"}]
["Packing House","Unidade",10,{"v":1,"d":"1.0"},{"v":1,"d":"1.0"},{"v":1,"d":"1.0"},{"v":10,"d":"10.0"}]
["Pocilga","Unidade",38,{"v":1,"d":"1.0"},{"v":1.11,"d":"1.1"},{"v":3,"d":"3.0"},{"v":42,"d":"42.0"}]
["Poço Semi-Artesiano","Unidade",29,{"v":1,"d":"1.0"},{"v":1.38,"d":"1.4"},{"v":5,"d":"5.0"},{"v":40,"d":"40.0"}]
["Posto Meteorológico","Unidade",6,{"v":1,"d":"1.0"},{"v":1,"d":"1.0"},{"v":1,"d":"1.0"},{"v":6,"d":"6.0"}]
["Secador de Grãos","Unidade",8,{"v":1,"d":"1.0"},{"v":2.38,"d":"2.4"},{"v":7,"d":"7.0"},{"v":19,"d":"19.0"}]
["Silo para Grãos","t",5,{"v":1,"d":"1.0"},4.6,{"v":12,"d":"12.0"},{"v":23,"d":"23.0"}]
["Silo para Silagem","t",8,{"v":1,"d":"1.0"},{"v":3.13,"d":"3.1"},{"v":8,"d":"8.0"},{"v":25,"d":"25.0"}]
["Terreiro","m²",4,{"v":1,"d":"1.0"},{"v":75.75,"d":"75.8"},{"v":300,"d":"300.0"},{"v":303,"d":"303.0"}]
["Fonte: Secretaria de Agricultura e Abastecimento, CDRS/IEA, Projeto LUPA."]
[]
["TABELA 398.4 - Outras Estatísticas Agrícolas, Município de Paranapanema, Estado de São Paulo, 2007/08."]
["ITEM","Número de UPAs",null,"Percentual"]
["Faz Parte de Associação de Produtores",113,null,{"v":15.167785234899329,"d":"15.2"}]
["Faz Parte de Cooperativa de Produtores",187,null,{"v":25.100671140939596,"d":"25.1"}]
["Faz Parte do Sindicato de Produtores",138,null,{"v":18.523489932885905,"d":"18.5"}]
["Não utiliza assistência técnica ",281,null,{"v":37.718120805369125,"d":"37.7"}]
["Utiliza somente assistência técnica governamental ",101,null,{"v":13.557046979865772,"d":"13.6"}]
["Utiliza somente assistência técnica privada ",223,null,{"v":29.93288590604027,"d":"29.9"}]
["Utiliza assistência técnica tanto governamental quanto privada",140,null,{"v":18.79194630872483,"d":"18.8"}]
["Utiliza Crédito Rural",110,null,{"v":14.76510067114094,"d":"14.8"}]
["Utiliza Seguro Rural",41,null,{"v":5.503355704697986,"d":"5.5"}]
["Utiliza Escrituração Agrícola",267,null,{"v":35.83892617449664,"d":"35.8"}]
["Acessa Internet p/ Fins na Agropecuária",91,null,{"v":12.214765100671142,"d":"12.2"}]
["Utiliza Computador nas Atividades Agropecuárias",85,null,{"v":11.409395973154362,"d":"11.4"}]
["Utiliza Energia Elétrica Para Uso na Atividade Agrícola",579,null,{"v":77.71812080536913,"d":"77.7"}]
["Realiza Análise de Solo, quando necessário",216,null,{"v":28.993288590604028,"d":"29.0"}]
["Utiliza Práticas de Conservação de Solo, quando necessário",310,null,{"v":41.61073825503355,"d":"41.6"}]
["Faz Adubação Mineral, quando necessário",304,null,{"v":40.805369127516784,"d":"40.8"}]
["Faz Adubação Orgânica, quando necessário",112,null,{"v":15.033557046979865,"d":"15.0"}]
["Faz Adubação Verde, quando necessário",27,null,{"v":3.6241610738255035,"d":"3.6"}]
["Utiliza Manejo Integrado de Pragas (MIP)",35,null,{"v":4.697986577181208,"d":"4.7"}]
["Utiliza Hidroponia","-",null,"-"]
["Utiliza Plasticultura",16,null,{"v":2.1476510067114094,"d":"2.1"}]
["Utiliza Mudas Fiscalizadas",75,null,{"v":10.06711409395973,"d":"10.1"}]
["Utiliza Semente Melhorada",187,null,{"v":25.100671140939596,"d":"25.1"}]
["Faz Confinamento de Bovinos",13,null,{"v":1.74496644295302,"d":"1.7"}]
["Utiliza Pastejo Intensivo",397,null,{"v":53.28859060402685,"d":"53.3"}]
["Faz Inseminação Artificial",42,null,{"v":5.6375838926174495,"d":"5.6"}]
["Faz Mineralização do Rebanho",440,null,{"v":59.06040268456376,"d":"59.1"}]
["Faz Vermifugação do Rebanho",447,null,{"v":60,"d":"60.0"}]
["Possui Parceiros /Arrendatários na Exploração Animal",74,null,{"v":9.932885906040267,"d":"9.9"}]
["Esporte e lazer",3,null,{"v":0.40268456375838924,"d":"0.4"}]
["Extração mineral","-",null,"-"]
["Hotel Fazenda, Pousada ou SPA","-",null,"-"]
["Pesque-pague","-",null,"-"]
["Restaurante ou Lanchonete",1,null,{"v":0.1342281879194631,"d":"0.1"}]
["Transformação artesanal","-",null,"-"]
["Turismo rural ou ecoturismo","-",null,"-"]
["Outras atividades econômicas rurais",5,null,{"v":0.6711409395973155,"d":"0.7"}]
["Agroindústria",5,null,{"v":0.6711409395973155,"d":"0.7"}]
["Proprietário sem instrução ou com instrução incompleta",73,null,{"v":9.798657718120804,"d":"9.8"}]
["Proprietário com antigo primário completo",252,null,{"v":33.8255033557047,"d":"33.8"}]
["Proprietário com 1° grau (ou antigo ginasial) completo",74,null,{"v":9.932885906040267,"d":"9.9"}]
["Proprietário com 2° grau (ou antigo colegial) completo",125,null,{"v":16.778523489932887,"d":"16.8"}]
["Proprietário com curso superior completo ",185,null,{"v":24.83221476510067,"d":"24.8"}]
["Pessoa Jurídica",36,null,{"v":4.832214765100671,"d":"4.8"}]
["Proprietário residente na própria UPA ",236,null,{"v":31.677852348993287,"d":"31.7"}]
["Fonte: Secretaria de Agricultura e Abastecimento, CDRS/IEA, Projeto LUPA."]
[]
["TABELA 398.5 - Área Cultivada, Município de Paranapanema, Estado de São Paulo, 2007/08."]
["CULTURA","N.DE UPAs","MÍNIMO","MÉDIO","MÁXIMO","TOTAL"]
["Braquiaria",616,0.1,{"v":61.96,"d":"62.0"},{"v":3054.1,"d":"3,054.1"},{"v":38168,"d":"38,168.0"}]
["Milho",156,0.2,{"v":44.25,"d":"44.3"},{"v":545,"d":"545.0"},{"v":6903.5,"d":"6,903.5"}]
["Pinus",11,0.1,{"v":520.15,"d":"520.2"},{"v":3648.3,"d":"3,648.3"},{"v":5721.6,"d":"5,721.6"}]
["Eucalipto",139,0.1,{"v":36.45,"d":"36.5"},{"v":1600,"d":"1,600.0"},{"v":5066.6,"d":"5,066.6"}]
["Cana-de-acucar",144,0.1,{"v":25.34,"d":"25.3"},{"v":847,"d":"847.0"},{"v":3649.6,"d":"3,649.6"}]
["Feijao",53,1.2,{"v":62.15,"d":"62.2"},350.9,{"v":3294.2,"d":"3,294.2"}]
["Soja",27,10.8,{"v":80.65,"d":"80.7"},290.4,{"v":2177.5,"d":"2,177.5"}]
["Trigo",27,{"v":6,"d":"6.0"},{"v":58.82,"d":"58.8"},{"v":200,"d":"200.0"},{"v":1588.2,"d":"1,588.2"}]
["Capim-jaragua",26,{"v":5,"d":"5.0"},{"v":44.12,"d":"44.1"},{"v":368,"d":"368.0"},{"v":1147,"d":"1,147.0"}]
["Aveia",7,{"v":8,"d":"8.0"},{"v":125.03,"d":"125.0"},290.4,875.2]
["Batata-inglesa (ou batata, ou batatinha)",8,22.9,{"v":73.75,"d":"73.8"},{"v":200,"d":"200.0"},{"v":590,"d":"590.0"}]
["Algodao",7,22.5,{"v":83.99,"d":"84.0"},{"v":190,"d":"190.0"},587.9]
["Gramas",23,0.4,{"v":15.93,"d":"15.9"},81.1,366.3]
["Pessego",26,0.5,{"v":12.02,"d":"12.0"},{"v":40,"d":"40.0"},312.4]
["Laranja",2,0.4,114.2,{"v":228,"d":"228.0"},228.4]
["Banana",14,0.2,{"v":15.69,"d":"15.7"},48.4,219.7]
["Coloniao",8,2.4,{"v":26.19,"d":"26.2"},84.7,209.5]
["Outras gramineas para pastagem",6,10.3,{"v":33.25,"d":"33.3"},82.3,199.5]
["Sorgo",4,{"v":10,"d":"10.0"},{"v":45,"d":"45.0"},{"v":80,"d":"80.0"},{"v":180,"d":"180.0"}]
["Ameixa",15,0.5,{"v":10.38,"d":"10.4"},{"v":50,"d":"50.0"},155.7]
["Nectarina",19,{"v":2,"d":"2.0"},{"v":7.58,"d":"7.6"},23.4,144.1]
["Goiaba",19,0.3,{"v":6.26,"d":"6.3"},{"v":15,"d":"15.0"},118.9]
["Melancia",12,4.4,9.7,24.2,116.4]
["Abacaxi (ou ananas)",9,3.7,{"v":9.64,"d":"9.6"},20.3,86.8]
["Abobora (ou jerimum)",5,4.8,{"v":13.04,"d":"13.0"},{"v":29,"d":"29.0"},65.2]
["Capim-napier (ou capim-elefante)",28,0.1,{"v":1.31,"d":"1.3"},{"v":10,"d":"10.0"},36.8]
["Cevada",1,{"v":30,"d":"30.0"},{"v":30,"d":"30.0"},{"v":30,"d":"30.0"},{"v":30,"d":"30.0"}]
["Milho Safrinha",4,3.6,{"v":6.05,"d":"6.1"},9.7,24.2]
["Floricultura para corte",4,{"v":1,"d":"1.0"},{"v":5.88,"d":"5.9"},13.5,23.5]
["Nabica (v)",3,2.4,7.3,10.8,21.9]
["Outras culturas temporárias",3,1.2,{"v":6.07,"d":"6.1"},{"v":14,"d":"14.0"},18.2]
["Milho-silagem",2,4.5,8.3,12.1,16.6]
["Lichia",2,{"v":4,"d":"4.0"},{"v":8,"d":"8.0"},{"v":12,"d":"12.0"},{"v":16,"d":"16.0"}]
["Viveiro de flores e ornamentais",5,0.8,{"v":3.06,"d":"3.1"},{"v":6,"d":"6.0"},15.3]
["Maracuja",2,2.3,6.3,10.3,12.6]
["Outras florestais",1,{"v":12,"d":"12.0"},{"v":12,"d":"12.0"},{"v":12,"d":"12.0"},{"v":12,"d":"12.0"}]
["Tomate envarado",2,0.5,{"v":5.75,"d":"5.8"},{"v":11,"d":"11.0"},11.5]
["Maca",1,11.2,11.2,11.2,11.2]
["Viveiro de florestais",1,10.5,10.5,10.5,10.5]
["Pimentao",7,0.5,{"v":1.49,"d":"1.5"},2.5,10.4]
["Caqui",1,8.3,8.3,8.3,8.3]
["Arroz",1,1.2,1.2,1.2,1.2]
["Fruta-do-conde (ou pinha, ou anona)",1,{"v":1,"d":"1.0"},{"v":1,"d":"1.0"},{"v":1,"d":"1.0"},{"v":1,"d":"1.0"}]
["Uva fina",1,{"v":1,"d":"1.0"},{"v":1,"d":"1.0"},{"v":1,"d":"1.0"},{"v":1,"d":"1.0"}]
["Mandioca",2,0.1,0.3,0.5,0.6]
["Viveiro de citros",1,0.5,0.5,0.5,0.5]
["Cafe",2,0.1,{"v":0.15,"d":"0.2"},0.2,0.3]
["Alface",2,0.1,0.1,0.1,0.2]
["Outras olericolas",1,0.1,0.1,0.1,0.1]
["Brocolos (ou brocolis)",1,0.1,0.1,0.1,0.1]
["Fonte: Secretaria de Agricultura e Abastecimento, CDRS/IEA, Projeto LUPA."]